Guess The Film By The Actors In It - Statistics

General Stats
  • This quiz has been taken 280 times
  • The average score is 10 of 35
Answer Stats
Hint Answer % Correct
Daniel Radcliffe, Emma Wattson, Rupert Grint Harry Potter
90%
Chris Pratt, Zoe Saldana, Dave Bautista Guardians Of The Galaxy
60%
Mark Hamill, Harrison Ford, Carrie Fisher Star Wars
60%
Keanu Reeves, Carrie-Anne Moss, Laurence Fishburne The Matrix
56%
Lindsay Lohan, Rachel McAdams, Amanda Seyfried Mean Girls
55%
George Clooney, Brad Pitt, Matt Damon Oceans 11
55%
Sylvester Stallone, Burt Young, Carl Weathers Rocky
49%
Leonardo DiCaprio, Tom Hanks, Christopher Walken Catch Me if You Can
41%
Leonardo DiCaprio, Mark Wahlberg, Jack Nicholson The Departed
41%
Christoph Waltz, Jamie Foxx, Samuel L Jackson Django Unchained
39%
Neve Campbell, David Arquette, Courtney Cox Scream
38%
Tom Hanks, Robin Wright, Gary Sinse Forrest Gump
37%
Matthew McConaughey, Anne Hathaway, Jessica Chastain Interstellar
32%
Jamie Lee Curtis, Donald Pleasance, Nick Castle Halloween
29%
Humphrey Bogart, Ingrid Bergman, Paul Henreid Casablanca
26%
Taron Egerton, Colin Firth, Mark Strong Kingsman
26%
Anthony Perkins, Janet Leigh, Vera Miles Psycho
21%
Frances McDormand, Steve Buscemi, Peter Stormare Fargo
20%
Mark Ruffalo, Ryan Reynolds, Zoe Saldana The Adam Project
20%
Marlon Brando, Martin Sheen, Laurence Fishburne Apocalypse Now
18%
Pierce Brosnan, Sean Bean, Famke Janssen Goldeneye
18%
Sandra Bullock, George Clooney, Ed Harris Gravity
18%
Ryan Gosling, Oscar Isaac, Carey Mulligan Drive
17%
Robert Pattinson, Elizabeth Debicki, John David Washington Tenet
17%
Andrew Garfield, Alexandra Shipp, Robin De Jesus Tik tik Boom
14%
Robert De Niro, Joe Pesci, Cathy Moriarty Raging Bull
13%
Guy Pearce, Russel Crow, Kevin Spacey L.A Confidential
11%
Anya Taylor-Joy, Thomasin McKenzie, Matt Smith Last Night In Soho
11%
Matthew McConaughey, Sandra Bullock, Samuel L Jackson A Time To Kill
10%
Seth Rogan, Rose Bryne, Dave Franco Bad Neighbours
10%
Benedict Cumberbatch, Kirsten Dunst, Jesse Plemons The Power Of The Dog
9%
Al Pacino, Sean Penn, John Leguizamo Carlitos Way
6%
Josh Radnor, Elizabeth Olsen, Zac Efron Liberal Arts
5%
Gene Wilder, Richard Pryor, Erland van Lidth Stir Crazy
4%
John Bernthal, Vincent D'Onofrio, Richard Thomas The Unforgivenable
0%
No matching quizzes found
Score Distribution
Percent of People with Each Score
Percentile by Number Answered
Your Score History
You have not taken this quiz